Managing natural wealth : environment and development in Malaysia

Bibliographic Details
Main Author: Vincent, Jeffrey R.
Other Authors: Ali, Rozali Mohamed
Format: Book
Published: Washington, D.C. : Singapore : RFF Press Institute of Southeast ASian Studies (ISEAS) , c2005.
Subjects:

MARC

LEADER 00000cam a2200000 7i4500
001 0000003476
005 20060330.0
020 0 0 |a 1891853813 
090 0 0 |a 333.709595   |b VIN 
100 1 0 |a Vincent, Jeffrey R. 
245 1 0 |a Managing natural wealth :   |b environment and development in Malaysia   |c Jeffrey R. Vincent and Rozali Mohamed Ali. 
260 0 0 |a Washington, D.C. :   |b RFF Press   |a Singapore :   |b Institute of Southeast ASian Studies (ISEAS) ,   |c c2005. 
300 |a xx, 468 p. :   |b ill. ;   |c 24 cm. 
500 0 0 |a Rev. ed. of: Environment and development in a resource-rich economy. 1997. 
505 0 0 |a Natural resources and the environment in the Malaysian context -- Natural resources and economic sustainability -- Petroleum -- Forests -- Agricultural land -- Marine fisheries -- Freshwater -- Pollution and economic development -- Air pollution and health -- Water pollution control -- Conclusions. 
650 0 0 |a Environmental policy   |x Economic aspects   |z Malaysia. 
650 0 0 |a Natural resources   |z Malaysia. 
650 0 0 |a Sustainable development   |z Malaysia. 
651 0 0 |a Malaysia   |x Economic conditions. 
651 0 0 |a Malaysia   |x Economic policy. 
700 1 1 |a Ali, Rozali Mohamed. 
999 |a 0000006778   |b Monograph   |c Open Shelf   |e Default branch